[Event "Cardiff Welsh op"]
[Site "Cardiff"]
[Date "2022.04.18"]
[Round "6"]
[White "Bevan, Peter M"]
[Black "Vlkova, Anezka"]
[Result "0-1"]
[WhiteElo "1855"]
[BlackElo "1938"]
[PlyCount "60"]
[EventDate "2022.04.15"]
[EventType "swiss"]
[EventRounds "7"]
[EventCountry "WLS"]
[SourceTitle "CBM 207 Extra"]
[Source "ChessBase"]
[SourceDate "2022.05.31"]
[SourceVersion "1"]
[SourceVersionDate "2022.05.31"]
[SourceQuality "1"]

1. d4 d5 2. c4 e6 3. Nc3 Nf6 4. Bg5 Be7 5. Nf3 0-0 6. e3 h6 7. Bxf6 Bxf6 8. b4 a5 9. b5 c5 10. Rc1 cxd4 11. exd4 dxc4 12. Bxc4 Nd7 13. 0-0 Nb6 14. Bb3 Qe7 15. Na4 Qd6 16. Nxb6 Qxb6 17. Qd3 Rd8 18. Rfd1 a4 19. Bc2 g6 20. Qe3 Kg7 21. Rb1 Rd5 22. Rb4 Rxb5 23. Rxa4 Rxa4 24. Bxa4 Rb1 25. Bb3 Rxd1+ 26. Bxd1 Qb1 27. Qd2 Bd7 28. Ne1 Qa1 29. d5 exd5 30. Qxd5 Ba4 0-1

[Event "WchT Seniors 65"]
[Site "Prague"]
[Date "2020.03.11"]
[Round "6.3"]
[White "Bevan, Peter M"]
[Black "Lynch, Peter J"]
[Result "1/2-1/2"]
[WhiteElo "1901"]
[BlackElo "1645"]
[PlyCount "56"]
[EventDate "2020.03.06"]
[EventType "team-swiss"]
[EventRounds "7"]
[EventCountry "CZE"]
[SourceTitle "CBM 195 Extra"]
[Source "ChessBase"]
[SourceDate "2020.05.31"]
[SourceVersion "1"]
[SourceVersionDate "2020.05.31"]
[SourceQuality "1"]
[WhiteTeam "Wales 65 II"]
[BlackTeam "Ireland 65"]
[WhiteTeamCountry "WLS"]
[BlackTeamCountry "IRL"]

1. d4 d5 2. Bf4 Bf5 3. c4 Nf6 4. Nc3 e6 5. c5 c6 6. e3 Be7 7. h3 h6 8. Nf3 Nbd7 9. Be2 b5 10. b4 a5 11. a3 Ne4 12. Qc1 0-0 13. 0-0 Bf6 14. Nxe4 Bxe4 15. Nd2 Bg6 16. Bd6 Re8 17. f4 Be7 18. Bxe7 Qxe7 19. Nb3 axb4 20. axb4 Nf6 21. Nd2 Ne4 22. Nxe4 Bxe4 23. Qc3 Qh4 24. Kh2 Qe7 25. Bd3 Bxd3 26. Qxd3 f5 27. Ra3 Ra7 28. Rfa1 Rea8 1/2-1/2

[Event "South Wales New Year op"]
[Site "Bridgend"]
[Date "2020.01.04"]
[Round "3"]
[White "Bevan, Peter M"]
[Black "Clark, Ian C"]
[Result "1/2-1/2"]
[WhiteElo "1889"]
[BlackElo "1957"]
[PlyCount "36"]
[EventDate "2020.01.03"]
[EventType "swiss"]
[EventRounds "5"]
[EventCountry "WLS"]
[SourceTitle "EXT 2022"]
[Source "ChessBase"]
[SourceDate "2021.10.06"]
[SourceVersion "1"]
[SourceVersionDate "2021.10.06"]
[SourceQuality "1"]

1. d4 Nf6 2. Bf4 d6 3. e3 Bf5 4. c4 Nbd7 5. Nf3 c6 6. Nbd2 h6 7. h3 g5 8. Bh2 Bg7 9. Qb3 Qb6 10. Be2 0-0 11. g4 Bh7 12. 0-0 Rfe8 13. Qa3 c5 14. Bd3 Bxd3 15. Qxd3 Rad8 16. d5 Nf8 17. Rab1 e6 18. e4 e5 1/2-1/2

[Event "South Wales New Year op"]
[Site "Bridgend"]
[Date "2020.01.04"]
[Round "2"]
[White "Ong, Weng Yan"]
[Black "Bevan, Peter M"]
[Result "0-1"]
[WhiteElo "1653"]
[BlackElo "1889"]
[PlyCount "142"]
[EventDate "2020.01.03"]
[EventType "swiss"]
[EventRounds "5"]
[EventCountry "WLS"]
[SourceTitle "EXT 2022"]
[Source "ChessBase"]
[SourceDate "2021.10.06"]
[SourceVersion "1"]
[SourceVersionDate "2021.10.06"]
[SourceQuality "1"]

1. e4 c5 2. Nf3 g6 3. d4 cxd4 4. Qxd4 Nf6 5. Nc3 Nc6 6. Qa4 d6 7. Bb5 Bd7 8. Be3 a6 9. Be2 Bg7 10. Qb3 b5 11. 0-0 0-0 12. a4 Be6 13. Nd5 Nxe4 14. axb5 axb5 15. Qxb5 Bd7 16. Rxa8 Qxa8 17. Nxe7+ Nxe7 18. Qxd7 Nf5 19. Qa7 Nxe3 20. Qxe3 Bxb2 21. Bd3 Re8 22. Qb6 Bc3 23. Qc7 Bb4 24. Qc4 Bc5 25. Bxe4 Rxe4 26. Qd3 Qe8 27. Nd2 Re2 28. Nb3 Rxf2 29. Nxc5 Rxf1+ 30. Kxf1 dxc5 31. c4 Qe5 32. h3 Kg7 33. Kf2 h5 34. Kf3 h4 35. Qe4 Qc3+ 36. Kf2 Qg3+ 37. Ke2 Qg5 38. Kf3 Qg3+ 39. Ke2 g5 40. Qd5 f6 41. Qb7+ Kh6 42. Qe4 Qe5 43. Kf3 Kg7 44. Qb7+ Kg6 45. Qe4+ Qxe4+ 46. Kxe4 f5+ 47. Kd5 f4 48. Kxc5 g4 49. Kd6 f3 50. gxf3 gxf3 51. c5 f2 52. c6 f1Q 53. c7 Qf4+ 54. Kd7 Qd4+ 55. Ke7 Qc5+ 56. Kd7 Qd5+ 57. Ke7 Qc6 58. Kd8 Qd6+ 59. Kc8 Kf6 60. Kb8 Qb6+ 61. Ka8 Qa6+ 62. Kb8 Qb5+ 63. Ka7 Qc5+ 64. Kb7 Qe7 65. Ka8 Qd7 66. Kb8 Kf5 67. c8Q Qxc8+ 68. Kxc8 Kf4 69. Kd7 Kg3 70. Ke6 Kxh3 71. Kf5 Kg2 0-1

[Event "EU-Cup 35th"]
[Site "Ulcinj"]
[Date "2019.11.11"]
[Round "2.18"]
[White "Bevan, Peter M"]
[Black "Van Twillert, Laurents"]
[Result "1/2-1/2"]
[WhiteElo "1879"]
[BlackElo "2141"]
[PlyCount "68"]
[EventDate "2019.11.10"]
[EventType "team-swiss"]
[EventRounds "7"]
[EventCountry "MNE"]
[SourceTitle "CBM 193 Extra"]
[Source "ChessBase"]
[SourceDate "2020.01.31"]
[SourceVersion "1"]
[SourceVersionDate "2020.01.31"]
[SourceQuality "1"]
[WhiteTeam "White Knights"]
[BlackTeam "En Passant"]
[WhiteTeamCountry "ENG"]
[BlackTeamCountry "NED"]

1. c4 e5 2. g3 Bc5 3. Nc3 Nc6 4. Bg2 Nf6 5. d3 0-0 6. e3 a6 7. a3 Re8 8. Nge2 d6 9. b4 Ba7 10. h3 Ne7 11. 0-0 d5 12. cxd5 Nexd5 13. Nxd5 Nxd5 14. e4 Ne7 15. Bb2 Nc6 16. Rc1 Qd6 17. Qc2 Be6 18. Kh2 Rad8 19. Rfd1 Rd7 20. Bc3 Red8 21. Rd2 f6 22. Qb2 Nd4 23. Bxd4 Bxd4 24. Nxd4 Qxd4 25. Qxd4 Rxd4 26. Rxc7 Rxd3 27. Rxd3 Rxd3 28. Rxb7 Rxa3 29. Rb6 Bc4 30. h4 h5 31. Bh3 g6 32. Rc6 Bd3 33. Be6+ Kh8 34. Bd5 g5 1/2-1/2

[Event "South Wales op 16th"]
[Site "Cardiff"]
[Date "2019.07.11"]
[Round "8.20"]
[White "Bevan, Peter M"]
[Black "Ong, Weng Yan"]
[Result "0-1"]
[WhiteElo "1942"]
[BlackElo "1624"]
[PlyCount "100"]
[EventDate "2019.07.07"]
[EventType "swiss"]
[EventRounds "9"]
[EventCountry "WLS"]
[SourceTitle "EXT 2020"]
[Source "ChessBase"]
[SourceDate "2019.10.17"]
[SourceVersion "1"]
[SourceVersionDate "2019.10.17"]
[SourceQuality "1"]

1. e4 e6 2. Nc3 d5 3. Nf3 dxe4 4. Nxe4 Nd7 5. d4 Ngf6 6. Bd3 Nxe4 7. Bxe4 Nf6 8. Bd3 c5 9. 0-0 cxd4 10. Nxd4 Bc5 11. Nb3 Bb6 12. Qf3 0-0 13. Bg5 Qd5 14. Qxd5 Nxd5 15. c4 Nb4 16. Be4 f6 17. Bf4 e5 18. Bd2 Na6 19. Bd5+ Kh8 20. Rac1 Rd8 21. Rfd1 Nc5 22. Bb4 Nxb3 23. axb3 Bg4 24. Rd2 Bd4 25. Bc3 Bxc3 26. bxc3 Rd7 27. Ra2 a6 28. f3 Bf5 29. Kf2 Re8 30. Rd2 Be6 31. Rcd1 Red8 32. Ke3 Bxd5 33. Rxd5 Rxd5 34. Rxd5 Rxd5 35. cxd5 Kg8 36. c4 b6 37. b4 Kf7 38. g4 g6 39. Ke4 a5 40. b5 a4 41. Kd3 f5 42. gxf5 gxf5 43. c5 Ke7 44. cxb6 Kd6 45. Kc4 a3 46. Kb3 e4 47. fxe4 fxe4 48. b7 Kc7 49. b6+ Kxb7 50. d6 Kxb6 0-1

[Event "WchT Seniors 65"]
[Site "Rhodes"]
[Date "2019.04.18"]
[Round "3.5"]
[White "Stokes, Michael"]
[Black "Bevan, Peter M"]
[Result "1-0"]
[WhiteElo "2092"]
[BlackElo "1920"]
[PlyCount "43"]
[EventDate "2019.04.16"]
[EventType "team-swiss"]
[EventRounds "9"]
[EventCountry "GRE"]
[SourceTitle "CBM 190 Extra"]
[Source "ChessBase"]
[SourceDate "2019.07.15"]
[SourceVersion "1"]
[SourceVersionDate "2019.07.15"]
[SourceQuality "1"]
[WhiteTeam "England II"]
[BlackTeam "Wales"]
[WhiteTeamCountry "ENG"]
[BlackTeamCountry "WLS"]

1. e4 d5 2. exd5 Qxd5 3. Nc3 Qd8 4. d4 Nf6 5. Nf3 Bf5 6. Bf4 c6 7. Bd3 Bxd3 8. Qxd3 e6 9. 0-0 Be7 10. Rad1 0-0 11. Rfe1 Nbd7 12. a3 Nd5 13. Be3 Qc7 14. Ne4 Nxe3 15. Rxe3 Nf6 16. Ne5 Rad8 17. Rh3 g6 18. Ng5 c5 19. c3 Qd6 20. f4 Kg7 21. Ngxf7 Rxf7 22. Rxh7+ 1-0

[Event "WLS-chT 1819"]
[Site "Wales"]
[Date "2019.01.27"]
[Round "3.11"]
[White "Bevan, Peter M"]
[Black "Hughes, Anthony"]
[Result "1-0"]
[WhiteElo "1899"]
[BlackElo "1906"]
[PlyCount "41"]
[EventDate "2018.11.04"]
[EventType "team-tourn"]
[EventRounds "5"]
[EventCountry "WLS"]
[SourceTitle "EXT 2020"]
[Source "ChessBase"]
[SourceDate "2019.10.17"]
[SourceVersion "1"]
[SourceVersionDate "2019.10.17"]
[SourceQuality "1"]
[WhiteTeam "White Knights"]
[BlackTeam "The Full Ponty"]
[WhiteTeamCountry "WLS"]
[BlackTeamCountry "WLS"]

1. Nf3 d5 2. e3 Nf6 3. c4 e6 4. b3 Be7 5. Bb2 0-0 6. Nc3 Nbd7 7. Be2 b6 8. Rc1 Ba6 9. 0-0 Rc8 10. d4 c5 11. cxd5 Bxe2 12. Qxe2 exd5 13. dxc5 Nxc5 14. Rfd1 Re8 15. Nd4 Bd6 16. Nf5 Re5 17. Nxd6 Qxd6 18. Nb5 Qe7 19. Bxe5 Qxe5 20. b4 a6 21. Nd4 1-0